000 00614nam a22002177a 4500
003 UA-OsUOA
001 105541
007 ta
008 20140312b un ||||| |||| 00| 0 ukr d
100 _aЄршова І.
090 _a81
_bЕ99
942 _cSA
040 _aUA-OsUOA
_bukr
_cUA-OsUOA
_dUA-OsUOA
245 _aКомпоненти та категорії мовної комунікації
300 _aС.37-41
955 _a0
041 _aukr
080 _a81
773 0 _w105534
650 7 _a8 Мовознавство. Художня література. Літературознавство
_2UDC
999 _c391831
_d391831